La formación de Europa : conquista, civilización y cambio cultural, 950-1350 /

Gardado en:
Detalles Bibliográficos
Autor Principal: Bartlett, Robert (autor)
Formato: Libro
Idioma:Lingua castelá
Publicado: Valencia, España : Granada, España : Universidad de Valencia ; Universidad de Granada, 2003, c2003
Temas:
Etiquetas: Engadir etiqueta
Sen Etiquetas, Sexa o primeiro en etiquetar este rexistro!

MARC

LEADER 00000nam^a2200000^a^4500
001 000170555
005 20250521000000.0
009 20260310101314.172
020 |a 84-370-5691-8 
037 |a Acervo ITESO - Biblioteca 
041 |a ESP 
082 |a 940. 12  |b BAR 
100 |a Bartlett, Robert  |e (autor) 
245 1 3 |a La formación de Europa :  |b conquista, civilización y cambio cultural, 950-1350 /  |c R. Bartlet ; tr. por Ana Rodríguez Lopez. 
264 4 |a Valencia, España :  |b Universidad de Valencia ;  |a Granada, España :  |b Universidad de Granada,  |c 2003, c2003 
300 |a 469 p. 
336 |a texto  |b txt  |2 rdacontenido 
337 |a sin mediación  |b n  |2 rdamedio 
338 |a volumen  |b nc  |2 rdasoporte 
500 |a Traducción de: The Making of Europe. Conquest, Colonization and Cultural Change, 950-1350 
649 |a XX 
650 |a Zonas Urbanas -  |z Europa -  |x Historia -  |y 476-1492 
650 |a Desarrollo Urbano -  |z Europa -  |x Historia -  |y 476-1492 
650 |a Iglesia en Europa -  |x Historia -  |y 476-1492 
650 |a Iglesia -  |x Historia -  |y Edad Media 
650 |a Cambios Sociales y Culturales -  |z Europa -  |x Historia -  |y 476-1492 
650 |a Cultura -  |z Europa -  |x Historia -  |y 476-1492 
650 |a Cruzadas -  |x Historia -  |y Primera, 1096-1099 
650 |a Migración -  |z Europa -  |x Historia -  |y 476-1492 
650 |a Colonización -  |z Europa -  |x Historia -  |y 476-1492 
650 |a Fronteras Geopolíticas -  |z Europa -  |x Historia -  |y 476-1492 
650 |a Poder Político -  |z Europa -  |x Historia -  |y 476-1492 
650 |a Cristianismo -  |z Europa -  |x Historia -  |y 476-1492 
650 |a Religión -  |z Europa -  |x Historia -  |y 476-1492 
650 |a Economía -  |z Europa -  |x Historia -  |y 476-1492 
650 |a Urbanismo -  |z Europa -  |x Historia -  |y 476-1492 
650 |a Derecho -  |z Europa -  |x Historia -  |y 476-1492 
650 |a Sociología Política -  |z Europa 
650 |a Política -  |z Europa -  |x Historia -  |y 476-1492 
650 |a Edad Media -  |x Historia 
910 |a Fondo General 
920 |a Impresos - Libros 
930 |a Colección General 
905 |a 101 
901 |a 0500107837  |b IT1  |c ACC  |u 20250521 
902 |a https://opac.biblio.iteso.mx/vufind/Record/000170555